Intermediate communication games /

Guardado en:
Detalles Bibliográficos
Autor principal: Hadfield, Jill (Autor)
Formato: Libro
Lenguaje:inglés
Publicado: London : Nelson, 1995
Materias:
Etiquetas: Agregar Etiqueta
Sin Etiquetas, Sea el primero en etiquetar este registro!

MARC

LEADER 00000nam a22000003a 4500
001 stu8232
005 20150617225806.0
008 951108s1995----uk------------------eng-d
020 |a 0-17-555872-8 
040 |a STU  |b slo 
041 0 |a eng 
044 |a uk 
080 |a 802.0 
100 1 |a Hadfield, Jill  |4 aut 
245 1 |a Intermediate communication games /  |c [aut.] Hadfield,Jill 
260 |a London :  |b Nelson,  |c 1995 
300 |a Nestr 
650 7 |a angličtina  |2 stusub 
996 |b E80211  |c E*80211  |l EE18  |s P  |a 0  |w stu8232_0001